100 gecs + Members Charting Songs (Billboard Hot Rock / Alt) - Statistics

General Stats
  • This quiz has been taken 76 times
    27 since last reset
  • The average score is 3 of 6
Answer Stats
Album Weeks On Peak Artist(s) Song % Correct
1,000 gecs 1 Week #47 100 gecs money machine
78%
10,000 gecs 1 Week #47 100 gecs Hollywood Baby
74%
10,000 gecs 1 Week #37 100 gecs Dumbest Girl Alive
57%
Non-Album Single 5 Weeks #31 Laura Les Haunted
57%
10,000 gecs 1 Week #41 100 gecs mememe
43%
1,000 gecs & The Tree of Clues 2 Weeks #23 100 gecs ft. Fall Out Boy, Craig Owens & Nicole Dollanganger hand crushed by a mallet
35%
No matching quizzes found
Score Distribution
Percent of People with Each Score
Percentile by Number Answered
Your Score History
You have not taken this quiz since the last reset